[Event "SR 3. liga A2 2006/2007"]
[Site "?"]
[Date "2006.10.01"]
[Round "2"]
[White "Sipkovsky, Ivan"]
[Black "Kantor, Reka"]
[Result "1/2-1/2"]
[WhiteElo "1901"]
[BlackElo "1786"]
[Annotator "Senica B - Gabcíkovo  /5/"]
[PlyCount "63"]
[EventDate "2006.??.??"]

1. e4 g6 2. d4 d6 3. c4 Bg7 4. Nc3 c6 5. Be3 Nf6 6. f3 Nbd7 7. Qd2 a6 8. Bh6
Bxh6 9. Qxh6 b5 10. d5 bxc4 11. Bxc4 Ne5 12. Be2 Qb6 13. Qd2 Rb8 14. b3 cxd5
15. Nxd5 Nxd5 16. Qxd5 Qb4+ 17. Qd2 Kd7 18. Qxb4 Rxb4 19. Nh3 e6 20. Nf2 a5 21.
Nd3 Nxd3+ 22. Bxd3 Ke7 23. Rc1 Bd7 24. Ke2 Rhb8 25. Bc4 a4 26. Rc2 R8b7 27.
Rhc1 axb3 28. Bxb3 Bb5+ 29. Ke3 Kd7 30. Rc8 Ba4 31. Bxa4+ Rxa4 32. R8c2 1/2-1/2

[Event "SR 3. liga A2 2006/2007"]
[Site "?"]
[Date "2006.10.01"]
[Round "2"]
[White "Liska, Frantisek"]
[Black "Palka, Martin"]
[Result "0-1"]
[WhiteElo "1965"]
[BlackElo "1901"]
[Annotator "Senica B - Gabcíkovo  /6/"]
[PlyCount "68"]
[EventDate "2006.??.??"]

1. d4 Nf6 2. Nf3 c5 3. d5 e6 4. c4 exd5 5. cxd5 d6 6. Nc3 g6 7. Bg5 Bg7 8. e3
O-O 9. Bc4 a6 10. a4 Qc7 11. O-O Nbd7 12. Qc2 Rb8 13. Rfd1 Nh5 14. b3 f5 15.
Bf4 Nxf4 16. exf4 h6 17. Re1 Nf6 18. Re2 Re8 19. Rae1 Rxe2 20. Rxe2 Qf7 21. Nd2
Bd7 22. Bd3 b5 23. h3 Nxd5 24. Nxd5 Qxd5 25. Re7 Bc6 26. f3 Kf8 27. Ra7 Qd4+
28. Kh1 c4 29. Rxa6 Bb7 30. bxc4 Bxa6 31. cxb5 Rc8 32. Qb1 Bb7 33. a5 Qxf4 34.
a6 Qxd2 0-1

[Event "SR 3. liga A2 2006/2007"]
[Site "?"]
[Date "2006.10.01"]
[Round "2"]
[White "Havlicek, Peter"]
[Black "Kosar, Mikulas ml"]
[Result "1-0"]
[WhiteElo "1715"]
[BlackElo "1951"]
[Annotator "Senica B - Gabcíkovo  /7/"]
[PlyCount "155"]
[EventDate "2006.??.??"]

1. e4 e5 2. Nf3 Nf6 3. Nc3 Nc6 4. Bc4 Be7 5. O-O O-O 6. d4 d6 7. h3 exd4 8.
Nxd4 Nxd4 9. Qxd4 Be6 10. Bg5 c6 11. Bd3 Qc7 12. Bf4 Rfd8 13. b3 Qa5 14. Ne2
Nh5 15. b4 Qc7 16. Qe3 Nxf4 17. Nxf4 Bf6 18. Nxe6 fxe6 19. Rad1 a5 20. a3 axb4
21. axb4 Qe7 22. c4 Ra4 23. Qb6 Rda8 24. b5 c5 25. Be2 Bd4 26. Rxd4 cxd4 27.
Qxd4 Qc7 28. f4 Qc5 29. Qxc5 dxc5 30. Kh2 Ra2 31. Bg4 Kf7 32. Rd1 Re8 33. f5
exf5 34. exf5 Re7 35. Rd6 Rc7 36. Bf3 Re7 37. Bd5+ Ke8 38. Rb6 Ra7 39. Kg3 Kd8
40. f6 gxf6 41. Rxf6 Rg7+ 42. Kf4 Ra1 43. Ke5 Ke7 44. Rb6 Re1+ 45. Kf4 Kd8 $11
46. Rxb7 Rxb7 47. Bxb7 Kc7 48. Bd5 Rf1+ 49. Kg5 Rd1 50. Bg8 Rd4 51. g4 Re4 52.
Kf5 Rd4 53. h4 Kd6 54. h5 Ke7 55. Kg5 Kf8 56. Be6 Rd6 57. Kf5 Rd1 58. Ke5 Ke7
59. Bg8 Rd4 60. g5 Rg4 61. Kf5 Rd4 62. b6 Kf8 63. b7 Rd8 64. Bxh7 Rb8 65. Ke5
Rxb7 66. Be4 Re7+ 67. Kf5 Rf7+ 68. Kg6 Rd7 69. h6 Kg8 70. Bd5+ Kh8 71. Kf6 Rd6+
72. Be6 Kh7 73. Ke5 Rd4 74. Bf5+ Kh8 75. g6 Kg8 76. Be6+ Kf8 77. g7+ Ke7 78.
g8=Q 1-0

[Event "SR 3. liga A2 2006/2007"]
[Site "?"]
[Date "2006.10.22"]
[Round "2"]
[White "Hecko, Dusan"]
[Black "Lahucky, Pavol"]
[Result "1-0"]
[WhiteElo "2142"]
[BlackElo "2110"]
[Annotator "Osuské B - Hlohovec jun.  /1/"]
[PlyCount "103"]
[EventDate "2006.??.??"]

1. c4 e5 2. Nc3 d6 3. Nf3 f5 4. d3 Nf6 5. g3 Be7 6. Bg2 c6 7. O-O O-O 8. Rb1 a5
9. a3 Na6 10. b4 Nc7 11. b5 c5 12. Ne1 Ne6 13. Nc2 g5 14. Ne3 f4 15. Ned5 Kh8
16. e3 fxg3 17. fxg3 Ng7 18. Nxf6 Bxf6 19. Nd5 g4 20. Bd2 Bf5 21. Bc3 Bg5 22.
Qe2 h5 23. Rbd1 Rf7 24. d4 cxd4 25. exd4 exd4 26. Bxd4 Qf8 27. Rde1 Kg8 28. Nf4
Bxf4 29. Rxf4 Re8 30. Qf2 Rxe1+ 31. Qxe1 Ne6 32. Rxf5 Nxd4 33. Rg5+ Rg7 34.
Bd5+ Kh7 $11 35. Rxh5+ Kg6 36. Rh4 Nf3+ 37. Bxf3 Qxf3 38. Qe6+ Kg5 39. Qh6+ Kf5
40. Rh5+ Ke4 41. Qe6+ Kd3 42. Rd5+ Kc3 43. Rf5 Qd1+ 44. Kg2 Qc2+ 45. Rf2 Qg6
46. Qe2 Kb3 47. b6 Kc3 48. a4 Kd4 49. Qb2+ Kd3 50. Qb3+ Kd4 51. Rf4+ Ke5 52.
Qe3+ {cierny padol cas} 1-0

[Event "SR 3. liga A2 2006/2007"]
[Site "?"]
[Date "2006.10.22"]
[Round "2"]
[White "Gajarsky, Roman"]
[Black "Diviak, Rastislav"]
[Result "0-1"]
[WhiteElo "2008"]
[BlackElo "1958"]
[Annotator "Osuské B - Hlohovec jun.  /2/"]
[PlyCount "84"]
[EventDate "2006.??.??"]

1. e4 d6 2. d4 Nf6 3. Nd2 g6 4. Bd3 Bg7 5. Ngf3 O-O 6. c4 Nbd7 7. Rb1 e5 8. d5
a5 9. a3 Nc5 10. Bc2 a4 11. h3 Ne8 12. b4 axb3 13. Nxb3 Nxb3 14. Rxb3 f5 15.
Bg5 Nf6 16. Nh4 fxe4 17. g4 Qe8 18. Ng2 b6 19. Bxf6 Rxf6 20. Bxe4 Bd7 21. Qb1
Ra4 22. Qd3 Bh6 23. f3 Bf4 24. O-O Kg7 25. Nxf4 Rxf4 26. Kh2 Qf7 27. Rg1 Ra8
28. Rb2 Rh8 29. Rbg2 $11 g5 30. Kg3 Qf6 31. Kf2 $11 Be8 32. h4 Bg6 33. hxg5
Qxg5 34. Ke2 Bxe4 35. fxe4 Rhf8 36. Rg3 Rf2+ 37. Kd1 Qf4 38. Re3 Ra2 39. Rge1
Qxg4+ 40. Kc1 Rff2 41. Qc3 Kh8 42. Kb1 Qg2 0-1

[Event "SR 3. liga A2 2006/2007"]
[Site "?"]
[Date "2006.10.22"]
[Round "2"]
[White "Pericka, Tomas"]
[Black "Slamena, Michal"]
[Result "1/2-1/2"]
[WhiteElo "1913"]
[BlackElo "1957"]
[Annotator "Osuské B - Hlohovec jun.  /3/"]
[PlyCount "216"]
[EventDate "2006.??.??"]

1. e4 c5 2. Nf3 d6 3. d4 cxd4 4. Nxd4 Nf6 5. Nc3 g6 6. f3 Bg7 7. Bc4 O-O 8. Be3
Nc6 9. Qd2 Bd7 10. Bb3 Ne5 11. h4 Rc8 12. h5 Nxh5 13. O-O-O Qa5 14. g4 Nxf3 15.
Nxf3 Bxg4 16. Nd5 Qxd2+ 17. Nxd2 Bxd1 18. Nxe7+ Kh8 19. Nxc8 Bxc2 20. Kxc2
Rxc8+ 21. Kb1 Rc7 22. Bxa7 b5 23. Be3 Re7 24. Rc1 h6 25. Bb6 Nf6 26. Rc7 Rxc7
27. Bxc7 Ne8 28. Bb8 Kg8 29. Bd5 Kf8 30. Bc6 Be5 31. Bxb5 g5 32. a4 g4 33. Ba7
Nc7 34. Bc6 h5 35. Bb5 Ke7 36. Bf1 Kd7 37. b4 Bc3 38. Nc4 Bxb4 39. Kc2 Ne6 40.
a5 Kc6 41. Bb6 Nc5 42. Bxc5 Bxc5 43. Nb6 h4 44. Nd5 h3 45. Kb3 h2 46. Bg2 Kb5
47. Nf6 g3 48. Nd5 Kxa5 49. Kc4 Ba3 50. Ne7 Bc1 51. Nf5 Bf4 52. Kd3 Kb6 53. Ke2
Kc7 $11 54. Kf3 Be5 55. Nxg3 Kd7 56. Kg4 Ke6 57. Nf1 Kf6 58. Nd2 Bd4 59. Nf3
Bg1 60. Kf4 Ke6 61. Nh4 Bd4 62. Nf5 Bg1 63. Nh6 Bf2 64. Ng4 Bg1 65. Bf3 Bd4 66.
Kg5 Bg1 67. Bg2 Bd4 68. Nxh2 Be3+ 69. Kg4 Bc1 70. Nf3 f6 71. Nh4 Ke5 72. Ng6+
Ke6 73. Nf4+ Ke7 74. Kf5 Bb2 75. Nd5+ Kf7 76. Bf3 Bd4 77. Bh5+ Kg7 78. Ke6 Be5
79. Nc7 Kh6 80. Bg4 Kg5 81. Bf5 Kh6 82. Ne8 Kg5 83. Nxd6 Bc3 84. Kf7 Be5 85.
Nb7 Bd4 86. Nd8 Bc3 87. Ne6+ Kh6 88. Nf8 Kg5 89. Nh7+ Kf4 90. Nxf6 Bb2 91. Ke6
Ba1 92. Ke7 Bb2 93. Ke6 Ba1 94. Ne8 Bb2 95. Kd5 Kg5 96. Nd6 Kf6 97. Nb5 Ke7 98.
Nd4 Ba3 99. e5 Ke8 100. e6 Bf8 101. Bg6+ Ke7 102. Bf7 Bg7 103. Nc6+ Kf6 104.
Kd6 Bf8+ 105. Kd7 Bc5 106. Nd4 Ba3 107. Nb5 Bf8 108. Nc7 Ke5 1/2-1/2

[Event "SR 3. liga A2 2006/2007"]
[Site "?"]
[Date "2006.10.22"]
[Round "2"]
[White "Peska, Juraj"]
[Black "Hanzluvka, Peter"]
[Result "1/2-1/2"]
[WhiteElo "1955"]
[BlackElo "2042"]
[Annotator "Osuské B - Hlohovec jun.  /4/"]
[PlyCount "119"]
[EventDate "2006.??.??"]

1. c4 c5 2. Nc3 Nc6 3. g3 Nf6 4. Bg2 g6 5. Nf3 Bg7 6. O-O O-O 7. d3 a6 8. Be3
d6 9. Qc1 Rb8 10. Bh6 Bd7 11. Bxg7 Kxg7 12. a4 Nb4 13. Ne1 Qc8 14. Nc2 Nc6 15.
Qd2 Bg4 16. Rab1 Ne5 17. b4 b6 18. bxc5 dxc5 19. Ne3 Bh3 20. Ned5 Bxg2 21. Kxg2
Qc6 22. Kg1 Rfd8 23. Qc2 Nxd5 24. Nxd5 e6 25. Ne3 f6 26. Ng2 Rd4 27. Rb2 g5 28.
Rfb1 h5 29. a5 b5 30. cxb5 axb5 31. a6 Ra4 32. Ra2 Rxa6 33. Rxa6 Qxa6 34. Qxc5
Rb7 35. f4 Nf7 36. fxg5 fxg5 37. h4 Qb6 38. Qxb6 Rxb6 39. hxg5 Kg6 40. Nh4+
Kxg5 41. Nf3+ Kg4 42. Kg2 Nd6 43. Rb4+ Kf5 44. Kh3 Ra6 45. e4+ Kg6 46. e5 Nf7
47. Rxb5 Ra3 48. Nh4+ Kg7 49. d4 Rd3 50. Rb4 Ng5+ 51. Kg2 Rd2+ 52. Kf1 Ne4 53.
Ke1 Rd3 54. Rb7+ Kg8 55. Rb6 Nxg3 56. Rxe6 Rxd4 57. Rg6+ Kf8 58. Rxg3 Rxh4 59.
Re3 Ke7 60. Kf2 1/2-1/2

[Event "SR 3. liga A2 2006/2007"]
[Site "?"]
[Date "2006.10.22"]
[Round "2"]
[White "Karlik, Lukas"]
[Black "Hertel, Ondrej"]
[Result "0-1"]
[WhiteElo "1842"]
[BlackElo "1990"]
[Annotator "Osuské B - Hlohovec jun.  /5/"]
[PlyCount "34"]
[EventDate "2006.??.??"]

1. d4 d5 2. Nf3 Nf6 3. Bf4 Bf5 4. e3 e6 5. Bd3 Bg6 6. Ne5 Nbd7 7. Nxg6 hxg6 8.
Nd2 c6 9. Qe2 Qb6 10. O-O c5 11. dxc5 Bxc5 12. e4 dxe4 13. Nxe4 Nxe4 14. Qxe4
Nf6 15. Qa4+ Ke7 16. Rae1 Rad8 17. h3 Rd4 0-1

[Event "SR 3. liga A2 2006/2007"]
[Site "?"]
[Date "2006.10.22"]
[Round "2"]
[White "Kollarik, Gorazd"]
[Black "Blazkova, Barbora"]
[Result "1/2-1/2"]
[WhiteElo "1976"]
[BlackElo "1960"]
[Annotator "Osuské B - Hlohovec jun.  /6/"]
[PlyCount "98"]
[EventDate "2006.??.??"]

1. e4 c5 2. Nf3 d6 3. d4 cxd4 4. Nxd4 Nf6 5. Nc3 a6 6. Be3 e5 7. Nf3 Be7 8. a4
Nbd7 9. Be2 O-O 10. O-O Ng4 11. Qd2 Nxe3 12. Qxe3 Nf6 13. h3 Qc7 14. Rfd1 h6
15. a5 Be6 16. Rd2 Rac8 17. Nd5 Nxd5 18. exd5 Bf5 19. Bd3 Bxd3 20. Qxd3 Rfe8
21. Re2 Bf6 22. Qe4 Qc4 23. Qxc4 Rxc4 24. c3 Rc5 25. Rd2 Bd8 26. Ne1 Rxa5 27.
Rxa5 Bxa5 28. Kf1 Rc8 29. Ke2 b5 30. Nc2 Rc4 31. f3 b4 32. Ne3 Rc7 33. c4 Bb6
34. b3 Bxe3 35. Kxe3 g6 36. Ra2 Ra7 37. Ra5 Kf8 38. Kd3 Ke7 39. Ke3 Kd7 40. Kd3
Ra8 41. Ke3 Kc7 42. Kd3 Kb6 43. Ra1 f5 44. Ra2 Re8 45. Re2 g5 46. Ke3 a5 47.
Ra2 e4 48. f4 gxf4+ 49. Kxf4 e3 1/2-1/2

[Event "SR 3. liga A2 2006/2007"]
[Site "?"]
[Date "2006.10.22"]
[Round "2"]
[White "Skapik, Branislav"]
[Black "Synak, Jan"]
[Result "1/2-1/2"]
[WhiteElo "1800"]
[BlackElo "1802"]
[Annotator "Osuské B - Hlohovec jun.  /7/"]
[PlyCount "84"]
[EventDate "2006.??.??"]

1. e4 c6 2. d4 d5 3. e5 Bf5 4. Bd3 Bxd3 5. Qxd3 e6 6. f4 Nd7 7. Nf3 Qb6 8. Nbd2
Nh6 9. c3 c5 10. Rb1 cxd4 11. cxd4 Be7 12. Nb3 a5 13. a4 O-O 14. O-O Rfc8 15.
Ng5 Nf8 16. Be3 Rc4 17. Nc5 Bxc5 18. dxc5 Qb4 19. f5 g6 20. fxe6 fxe6 21. Nxe6
Nxe6 22. Qxd5 Re8 23. Bxh6 Qxc5+ 24. Qxc5 Rxc5 25. Rf6 Ng7 26. Rbf1 Rcxe5 27.
Bxg7 Kxg7 28. Rf7+ Kh6 29. Rxb7 Re4 30. h3 Rxa4 31. Rff7 Rh8 32. Ra7 Rb4 33.
Rxa5 Rxb2 $11 34. Raa7 Rc2 35. Kh2 Rb2 36. h4 Rc2 37. Kh3 Rc3+ 38. g3 Rb3 39.
Kg2 Rb2+ 40. Kf3 Rb3+ 41. Kf4 Rb4+ 42. Kf3 Rb3+ 1/2-1/2

[Event "SR 3. liga A2 2006/2007"]
[Site "?"]
[Date "2006.10.22"]
[Round "2"]
[White "Racik, Marek"]
[Black "Cajka, Tibor"]
[Result "0-1"]
[WhiteElo "1901"]
[BlackElo "1784"]
[Annotator "Osuské B - Hlohovec jun.  /8/"]
[PlyCount "131"]
[EventDate "2006.??.??"]

1. Nf3 d5 2. c4 Nf6 3. g3 g6 4. Bg2 c6 5. b3 Bg7 6. Bb2 O-O 7. O-O Bf5 8. d4
Qc8 9. Nc3 Bh3 10. Rc1 Bxg2 11. Kxg2 e6 12. Ba3 Re8 13. cxd5 exd5 14. Nb5 Ne4
15. Nd2 Qd7 16. Nxe4 Rxe4 17. f3 Re6 18. Nc3 Na6 19. Re1 Rae8 20. Bb2 Re3 21.
a3 Qe7 22. Rc2 Qf6 23. Na4 Qe7 24. b4 h5 25. Bc1 Re6 26. h4 Kh7 27. Nc3 f5 28.
b5 Nc7 29. bxc6 Rxc6 30. Bb2 Bf6 31. Qd2 Rc4 32. Bc1 Bg7 33. e3 Bh6 34. f4 Nb5
35. Nxb5 Qe4+ 36. Kg1 Rxc2 37. Nd6 Rxd2 38. Nxe4 fxe4 39. Bxd2 Rc8 40. Rb1 b6
41. Rb5 Rd8 42. Bb4 Kg8 43. a4 Bf8 44. Bxf8 Kxf8 45. a5 Rd6 46. axb6 axb6 47.
Kh2 Ke7 48. Kh3 Kd7 49. g4 Kc6 50. Rb2 b5 51. f5 gxf5 52. gxf5 Rf6 53. Rf2 b4
54. Kg3 Kd7 55. Kf4 b3 56. Ke5 Rb6 57. Rb2 Rb5 58. f6 Ke8 59. Ke6 Kf8 60. f7
Rb6+ 61. Kxd5 Kxf7 62. Kc4 Ke6 63. Rxb3 Rc6+ 64. Kb5 Kd5 65. Ra3 Rc1 66. Kb4 {
biely padol cas} 0-1

[Event "SR 3. liga A2 2006/2007"]
[Site "?"]
[Date "2006.10.22"]
[Round "2"]
[White "Pribila, Michal"]
[Black "Stepanovic, Branislav"]
[Result "1-0"]
[WhiteElo "2095"]
[BlackElo "2051"]
[Annotator "Gbely - Piestany B  /1/"]
[PlyCount "104"]
[EventDate "2006.??.??"]

1. e4 c5 2. Nf3 Nc6 3. d4 cxd4 4. Nxd4 Nf6 5. Nc3 e5 6. Ndb5 d6 7. Bg5 a6 8.
Na3 b5 9. Bxf6 gxf6 10. Nd5 Bg7 11. c3 f5 12. Bd3 Be6 13. Qh5 f4 14. O-O O-O
15. Nc2 h6 16. a4 bxa4 17. Rxa4 a5 18. Rfa1 Rb8 19. b4 axb4 20. Ndxb4 Ne7 21.
Ra7 Ng6 22. h3 Rc8 23. R1a3 Bc4 24. Bxc4 Rxc4 25. Qe2 Rc7 26. Rxc7 Qxc7 27. Nd5
Qb7 28. Ncb4 Kh7 29. Ra6 Rd8 30. Qa2 Rd7 31. Nb6 Rd8 32. N4d5 Qc6 33. Ra7 Qe8
34. Rc7 Kg8 35. Qa7 Qe6 36. f3 Bf8 37. c4 Nh4 38. Qa2 Ng6 39. Qe2 Bg7 40. Rb7
Bf8 41. Nc7 Qf6 42. Nbd5 Qg5 43. Kh2 Nh4 44. Rb1 Ng6 45. Rg1 Kh7 46. g3 fxg3+
47. Rxg3 Qh4 48. Ne3 Nf4 49. Qf2 Nh5 50. Rg7+ Bxg7 51. Qxh4 Nf6 52. Nb5 Ra8 1-0

[Event "SR 3. liga A2 2006/2007"]
[Site "?"]
[Date "2006.10.22"]
[Round "2"]
[White "Pobjecky, Ivan"]
[Black "Pribila, Gerhard"]
[Result "1/2-1/2"]
[WhiteElo "2048"]
[BlackElo "2022"]
[Annotator "Gbely - Piestany B  /2/"]
[PlyCount "73"]
[EventDate "2006.??.??"]

1. e4 c5 2. Nf3 d6 3. d4 cxd4 4. Nxd4 Nf6 5. Nc3 g6 6. Bg5 Bg7 7. Qd2 O-O 8.
O-O-O Nc6 9. Nxc6 bxc6 10. e5 Nd5 11. Nxd5 cxd5 12. exd6 Qxd6 13. Qxd5 Qb6 14.
Qb3 Qc7 15. Qa3 Rb8 16. c3 Be6 17. Ba6 Bf5 18. Bd3 Rfc8 19. Bxf5 Bxc3 20. Qxc3
Qb7 21. Bxc8 Rxc8 22. Bh6 Rxc3+ 23. bxc3 Qc7 24. Rd3 f6 25. h4 Kf7 26. Rhd1 Qa5
27. Kb2 Qb6+ 28. Ka3 Qxf2 29. g3 g5 30. hxg5 fxg5 31. Bxg5 Qc5+ 32. Kb3 Qxg5
33. c4 Qc5 34. Rf1+ Kg6 35. Rfd1 a5 36. a3 a4+ 37. Kxa4 1/2-1/2

[Event "SR 3. liga A2 2006/2007"]
[Site "?"]
[Date "2006.10.22"]
[Round "2"]
[White "Vach, Jozef"]
[Black "Furjel, Andrej"]
[Result "0-1"]
[WhiteElo "1992"]
[BlackElo "2023"]
[Annotator "Gbely - Piestany B  /3/"]
[PlyCount "108"]
[EventDate "2006.??.??"]

1. d4 d5 2. c4 c6 3. Nc3 Nf6 4. Nf3 e6 5. e3 Nbd7 6. Bd3 Be7 7. Qc2 dxc4 8.
Bxc4 a6 9. O-O b5 10. Bd3 c5 11. b3 Bb7 12. Qe2 Qb6 13. Bb2 O-O 14. Rfd1 Rfd8
15. Rac1 Rac8 16. Bb1 Nf8 17. dxc5 Bxc5 18. h3 Be7 19. Rxd8 Rxd8 20. Rd1 Rxd1+
21. Qxd1 Qc6 22. Ne2 a5 23. Ned4 Qb6 24. Qe2 b4 25. Ne1 Ng6 26. Ndf3 Nd5 27.
Bd4 Bc5 28. Bxg6 hxg6 29. Qc2 Bxd4 30. Nxd4 Nc3 31. a3 Be4 32. Qb2 e5 33. Ndf3
f6 34. Nd2 Bd5 35. Nc2 Qb7 36. Ne1 $11 Qb5 37. Ndf3 Ne2+ 38. Kh2 bxa3 39. Qxa3
Bxb3 40. Qe7 a4 41. Nd2 Nc3 42. Qd6 Qd5 43. Qb8+ Kh7 44. Nef3 Ne4 45. Nxb3 axb3
46. Qe8 Nd6 47. Qa4 b2 48. Qh4+ Kg8 49. Qb4 Qb5 50. Qxd6 b1=Q 51. Qe6+ Kh7 52.
Qf7 Qc2 53. Nh4 Qbc4 54. Nf3 Qxf7 0-1

[Event "SR 3. liga A2 2006/2007"]
[Site "?"]
[Date "2006.10.22"]
[Round "2"]
[White "Manak, Jozef"]
[Black "Jozefovic, Milan"]
[Result "0-1"]
[WhiteElo "2043"]
[BlackElo "1956"]
[Annotator "Gbely - Piestany B  /4/"]
[PlyCount "74"]
[EventDate "2006.??.??"]

1. e4 e5 2. Nf3 Nc6 3. Bb5 d6 4. d4 exd4 5. Nxd4 Bd7 6. c3 Nge7 7. O-O a6 8.
Be2 Ng6 9. f4 Be7 10. Be3 O-O 11. Nd2 b5 12. N2b3 Re8 13. Bf3 Nh4 14. Bg4 Nxd4
15. cxd4 f5 16. Bf3 Nxf3+ 17. gxf3 fxe4 18. fxe4 Bh3 19. Qf3 Bxf1 20. Rxf1 Rc8
21. d5 c5 22. Kh1 Rf8 23. Bd2 Bf6 24. Bc3 b4 25. Bxf6 Qxf6 26. Rf2 c4 27. Na5
c3 28. Nc6 cxb2 29. Qb3 Rce8 30. Qxb4 Qh4 31. Qxb2 Rxe4 32. Rf1 Re1 33. Rxe1
Qxe1+ 34. Kg2 Qe4+ 35. Kg1 Qxf4 36. Qe2 Qg5+ 37. Qg2 Qe3+ 0-1

[Event "SR 3. liga A2 2006/2007"]
[Site "?"]
[Date "2006.10.22"]
[Round "2"]
[White "Kocak, Branislav"]
[Black "Gono, Pavol"]
[Result "1/2-1/2"]
[WhiteElo "1774"]
[BlackElo "2099"]
[Annotator "Gbely - Piestany B  /5/"]
[PlyCount "75"]
[EventDate "2006.??.??"]

1. d4 c6 2. c4 d5 3. Nf3 Nf6 4. e3 Nbd7 5. Bd3 dxc4 6. Bxc4 Nb6 7. Bd3 Bg4 8.
Nc3 e6 9. h3 Bh5 10. g4 Bg6 11. Qc2 Bxd3 12. Qxd3 Be7 13. Bd2 O-O 14. g5 Nh5
15. h4 c5 16. Rg1 cxd4 17. exd4 g6 18. Ne5 Nd5 19. Nxd5 Qxd5 20. a3 Rfd8 21.
Qf3 Qxf3 22. Nxf3 Rac8 23. Rc1 Rxc1+ 24. Bxc1 Ng7 25. Be3 Nf5 26. Ke2 Rc8 27.
Rc1 Rxc1 28. Bxc1 Bd6 29. Kd3 Kf8 30. b3 a6 31. a4 Ke7 32. Kc4 Kd7 33. b4 Ne7
34. Bd2 Nd5 35. b5 Nb6+ 36. Kb3 axb5 37. axb5 Nd5 38. Kc4 1/2-1/2

[Event "SR 3. liga A2 2006/2007"]
[Site "?"]
[Date "2006.10.22"]
[Round "2"]
[White "Mihalik, Anton"]
[Black "Zajicek, Ferdinand"]
[Result "0-1"]
[WhiteElo "1994"]
[BlackElo "1753"]
[Annotator "Gbely - Piestany B  /6/"]
[PlyCount "118"]
[EventDate "2006.??.??"]

1. e4 e5 2. Nf3 Nc6 3. Bb5 d6 4. c3 Bd7 5. d3 Nf6 6. O-O Be7 7. Re1 O-O 8. Nbd2
a6 9. Ba4 b5 10. Bc2 Be6 11. d4 exd4 12. cxd4 Bg4 13. h3 Bh5 14. Nb3 Nd7 15.
Be3 Bg6 16. Rc1 Nb4 17. Bb1 f5 18. Nbd2 fxe4 19. Nxe4 Nd5 20. Bd2 N7b6 21. Bd3
Nf4 22. Bf1 Kh8 23. Ba5 Nbd5 24. Nc3 Bg5 25. Nxd5 Nxh3+ 26. gxh3 Bxc1 27. Qxc1
Rxf3 28. Bg2 Rf5 29. Ne7 Rf7 30. Nxg6+ hxg6 31. Bxa8 Qxa8 32. Qe3 Qd5 33. Qe4
Qg5+ 34. Qg2 Qf5 35. Re8+ Kh7 36. Qg3 g5 37. Bd2 Qb1+ 38. Kg2 Qc2 39. Qxg5 Qc6+
40. Kg3 Qxe8 41. Be3 Rf6 42. Qd5 Qg6+ 43. Kh2 Rf5 44. Qc6 Rh5 45. Qf3 Qf5 46.
Qg3 Qg6 47. Qf4 Rf5 48. Qh4+ Qh5 49. Qe4 Qf3 50. Qe6 Qd5 51. Qd7 Qf7 52. Qc8
Rxf2+ 53. Bxf2 Qxf2+ 54. Kh1 Qxd4 55. Qf5+ Kh6 56. Qe6+ Qf6 57. Qe3+ Kh7 58.
Qe4+ g6 59. Qe2 Qe5 0-1

[Event "SR 3. liga A2 2006/2007"]
[Site "?"]
[Date "2006.10.22"]
[Round "2"]
[White "Kastler, Peter"]
[Black "Curidlo, Jan"]
[Result "0-1"]
[WhiteElo "1657"]
[BlackElo "2084"]
[Annotator "Gbely - Piestany B  /7/"]
[PlyCount "118"]
[EventDate "2006.??.??"]

1. d4 Nf6 2. c4 e6 3. Nc3 d5 4. Bg5 Be7 5. e3 O-O 6. Nf3 Nbd7 7. Bd3 c5 8. cxd5
exd5 9. Bxf6 Nxf6 10. dxc5 Bxc5 11. O-O h6 12. Rc1 b6 13. a3 Bg4 14. b4 Be7 15.
Be2 Rc8 16. Nd4 Bxe2 17. Ndxe2 Bd6 18. Qd3 Bb8 19. Rfd1 Qd6 20. g3 Rfd8 21. Qf5
Qe6 22. Qf3 Be5 23. Nf4 Bxf4 24. Qxf4 a6 25. Qf3 b5 26. Ne2 Rc4 27. Rxc4 bxc4
28. Nc3 Qe5 29. Ne2 Qb2 30. Nd4 c3 31. Qe2 Qxa3 32. Nc2 Qa4 33. Ra1 Qb5 34.
Qxb5 axb5 35. f3 Ne8 36. Kf2 Nd6 37. Ke2 Nc4 38. Nd4 Re8 39. Nc2 Nxe3 40. Kd3
Nxc2 41. Kxc2 d4 42. Kd3 Rd8 43. Ra2 f6 44. Re2 Kf7 45. Re4 Rd5 46. g4 g6 47.
h4 f5 48. Re2 Kf6 49. Re8 Kf7 50. Re2 fxg4 51. fxg4 Kf6 52. Re8 g5 53. h5 Rd6
54. Rb8 Ke5 55. Rxb5+ Kf4 56. Rc5 Kxg4 57. b5 Kxh5 58. Rc6 Rd8 59. b6 Rb8 0-1

[Event "SR 3. liga A2 2006/2007"]
[Site "?"]
[Date "2006.10.22"]
[Round "2"]
[White "Bincik, Pavol"]
[Black "Brunovsky, Peter"]
[Result "1-0"]
[WhiteElo "1937"]
[BlackElo "1649"]
[Annotator "Gbely - Piestany B  /8/"]
[PlyCount "73"]
[EventDate "2006.??.??"]

1. d4 c6 2. c4 d5 3. Nc3 Nf6 4. Nf3 Bf5 5. e3 e6 6. Ne5 Bb4 7. Qb3 Qb6 8. c5
Bxc3+ 9. bxc3 Qxb3 10. axb3 Nbd7 11. Nd3 Bxd3 12. Bxd3 e5 13. f3 O-O 14. O-O
Rfe8 15. Bd2 e4 16. Be2 exf3 17. gxf3 a6 18. Kf2 g6 19. c4 Rac8 20. cxd5 Nxd5
21. e4 Nc7 22. Bc3 Nf8 23. b4 Nfe6 24. Rad1 Rcd8 25. Bb2 Nf4 26. Bc4 Rd7 27.
Bc1 Nfe6 28. d5 cxd5 29. exd5 Ng7 30. d6 Nce6 31. Bb2 Kf8 32. Rfe1 Nf5 33. Bb3
Nd8 34. Bc2 Rxe1 35. Rxe1 Ng7 36. Bxg7+ Kxg7 37. Re7 1-0

[Event "SR 3. liga A2 2006/2007"]
[Site "?"]
[Date "2006.10.22"]
[Round "2"]
[White "Bukovsky, Milan"]
[Black "Blatnicky, Miroslav"]
[Result "0-1"]
[WhiteElo "2036"]
[BlackElo "2163"]
[Annotator "Trnava C - Vrbové  /1/"]
[PlyCount "135"]
[EventDate "2006.??.??"]

1. c4 d5 2. cxd5 Nf6 3. Nc3 Nxd5 4. g3 Nxc3 5. bxc3 Bd7 6. Bg2 Bc6 7. Nf3 Nd7
8. d4 e6 9. O-O h5 10. c4 Nb6 11. Qd3 Be7 12. e4 h4 13. Ne5 O-O 14. Nxc6 bxc6
15. e5 Qd7 16. Be3 Rad8 17. Rfd1 c5 18. Qe2 Qa4 19. Be4 g6 20. Qg4 Kg7 21. gxh4
Rh8 22. Bg5 Bxg5 23. Qxg5 Rxd4 24. Rxd4 cxd4 25. Qf6+ Kg8 26. c5 Nd7 27. Qd8+
Nf8 28. Qxc7 d3 29. Qc6 Qd4 30. Rd1 d2 31. Bf3 Rxh4 32. Qd6 Qf4 33. Bg2 Qxh2+
34. Kf1 Rg4 35. Qc6 Qf4 36. Qf3 Qc4+ 37. Kg1 Rd4 38. c6 Nh7 39. Qb3 Qc5 40.
Qb8+ Kg7 41. c7 Qc1 42. Bf3 Rc4 43. Qxa7 Ng5 44. Be2 Nh3+ 45. Kf1 Rxc7 46. Qe3
Rc3 47. Qxd2 Qxd2 48. Rxd2 Rc5 49. Bg4 Nf4 50. Rd4 Rc1+ 51. Rd1 Rxd1+ 52. Bxd1
Nd3 53. Ke2 Nxe5 54. a4 Kf8 55. a5 Nc6 56. a6 Ke7 57. Ba4 Na7 58. Ke3 e5 59.
Ke4 Kd6 60. Be8 f5+ 61. Ke3 g5 62. Bg6 Ke6 63. Bh7 g4 64. Kd3 Nc6 65. Ke3 Kf6
66. Bg8 Kg5 67. Bd5 Na7 68. Bb7 {biely cas} 0-1

[Event "SR 3. liga A2 2006/2007"]
[Site "?"]
[Date "2006.10.22"]
[Round "2"]
[White "Feranec, Milan"]
[Black "Vyboch, Jozef"]
[Result "1-0"]
[WhiteElo "1890"]
[BlackElo "2006"]
[Annotator "Trnava C - Vrbové  /2/"]
[PlyCount "123"]
[EventDate "2006.??.??"]

1. Nf3 Nf6 2. b3 d6 3. Bb2 e5 4. d3 g6 5. Nbd2 Bg7 6. c4 O-O 7. e3 c6 8. Be2
Nbd7 9. O-O Qb6 10. a3 a5 11. Rb1 Ne8 12. Ng5 h6 13. Nge4 f5 14. Nc3 g5 15. Na4
Qa7 16. Qc2 g4 17. Kh1 Nef6 18. d4 Nh7 19. c5 d5 20. f4 e4 21. Bc3 Nhf6 22. Ra1
b6 23. cxb6 Nxb6 24. Nc5 Nfd7 25. Ne6 Rf7 26. b4 a4 27. Nd8 Rf6 28. b5 cxb5 29.
Bb4 Nc4 30. Nxc4 bxc4 31. Be7 Rg6 32. Rfb1 Qc7 33. Bh4 Bf6 34. Ne6 Qd6 35. Bxf6
Rxf6 36. Nc5 Nxc5 37. dxc5 Qxc5 38. Qc3 Rb6 39. Rxb6 Qxb6 40. Qe5 Qe6 41. Qc7
Bd7 42. Rc1 Qc6 43. Qe5 Re8 44. Qc3 Rb8 45. Bd1 Rb6 46. Qd4 Kf7 47. Bxa4 Qxa4
48. Qxb6 Qxa3 49. Rb1 Qd3 50. Rg1 c3 51. h4 c2 52. Qd6 Be6 53. Qc5 Qd1 54. h5
g3 55. Qc7+ Ke8 56. Qc6+ Bd7 57. Qg6+ Ke7 58. Qg7+ Ke8 59. Qe5+ Kd8 60. Qh8+
Kc7 61. Qc3+ Kb7 62. Qb3+ {cierny cas} 1-0

[Event "SR 3. liga A2 2006/2007"]
[Site "?"]
[Date "2006.10.22"]
[Round "2"]
[White "Krist, Milan"]
[Black "Krchnak, Rudolf"]
[Result "0-1"]
[WhiteElo "2039"]
[BlackElo "1950"]
[Annotator "Trnava C - Vrbové  /3/"]
[PlyCount "66"]
[EventDate "2006.??.??"]

1. d4 Nf6 2. Nf3 e6 3. c4 c5 4. d5 exd5 5. cxd5 d6 6. Nc3 g6 7. Bg5 Bg7 8. e3
O-O 9. Bd3 a6 10. O-O Re8 11. Re1 Nbd7 12. a4 Qc7 13. h3 Rb8 14. Rc1 c4 15. Bb1
b5 16. axb5 axb5 17. Nd4 Qc5 18. Nc6 Ra8 19. e4 Qb6 20. Be3 Qb7 21. Nb4 Nc5 22.
Bxc5 dxc5 23. Nc6 Bd7 24. f3 Bxc6 25. dxc6 Qxc6 26. e5 Rad8 27. Qe2 Nh5 28. Be4
Qe6 29. Rcd1 Bxe5 30. Qc2 Bd4+ 31. Rxd4 cxd4 32. Nxb5 d3 33. Qd2 Qb6+ 0-1